Paaschatya kavyashastra/ (Record no. 32934)

000 -LEADER
fixed length control field 00358nam a22001451a 4500
082 ## - DEWEY DECIMAL CLASSIFICATION NUMBER
Classification number H 808.1
Item number ASH/P
100 ## - MAIN ENTRY--AUTHOR NAME
Personal name Ashok K Shah
245 ## - TITLE STATEMENT
Title Paaschatya kavyashastra/
Statement of responsibility, etc by Ashok K Shah
260 ## - PUBLICATION, DISTRIBUTION, ETC. (IMPRINT)
Place of publication Mathura:
Name of publisher Jawahar Pustakalaya,
Year of publication 1999.
300 ## - PHYSICAL DESCRIPTION
Number of Pages 112p.
650 ## - SUBJECT ADDED ENTRY--TOPICAL TERM
Topical Term Poetics Hindi
650 ## - SUBJECT ADDED ENTRY--TOPICAL TERM
Topical Term Literature Hindi
650 ## - SUBJECT ADDED ENTRY--TOPICAL TERM
Topical Term Literature
942 ## - ADDED ENTRY ELEMENTS (KOHA)
Koha item type Book
Holdings
Withdrawn status Lost status Damaged status Not for loan Permanent Location Current Location Shelving location Date acquired Cost, normal purchase price Full call number Accession Number Cost, replacement price Price effective from Koha item type
Write off     1 Sree Sankaracharya University of Sanskrit Sree Sankaracharya University of Sanskrit Stacks 08.01.2015 125.00 H 808.1 ASH/P 034552 0.00 08.01.2015 Book